|
|
|
|
| LEADER |
00000nam a2200000 i 4500 |
| 001 |
1/92711 |
| 008 |
080828s1997 eng d |
| 020 |
|
|
|a 1-85521-790-2
|
| 035 |
|
|
|l 10099731
|
| 040 |
|
|
|a GR-MY-UA
|b gre
|e aacr
|
| 041 |
0 |
|
|a eng
|
| 082 |
0 |
|
|a 324.2187094
|2 (22)
|
| 100 |
1 |
|
|a O'Neill, Michael
|d 1946 Nov. 23-
|
| 245 |
1 |
0 |
|a Green parties and political change in contemporary Europe :
|b new politics, old predicaments /
|c Michael O'Neill
|
| 260 |
|
|
|a Aldershot :
|b Ashgate,
|c 1997
|
| 300 |
|
|
|a 532 σ.;
|c 23 εκ.
|
| 504 |
|
|
|a Βιβλιογραφία: σ. 497-519
|
| 504 |
|
|
|a Ευρετήριο: σ. 521-532
|
| 650 |
0 |
0 |
|a Green movement
|z Europe.
|
| 650 |
0 |
0 |
|a Political parties
|z Europe.
|
| 852 |
|
|
|a INST
|b LESVOS
|e 20080828
|h 324.2187094 ONE
|p 005100042824
|q 005100042824
|t BK
|y 0
|
| 901 |
|
|
|a BIBL1-2008-2
|
| 909 |
|
|
|a Λ
|b 152313
|
| 922 |
|
|
|a 1ΕΛΗ
|b 200803
|c ΕΠΕΑΕΚ2/ΤΠ
|d ΠΑΠΑΣΩΤΗΡΙΟΥ
|
| 970 |
|
|
|a ΧΑΤΖΗΜΙΧΑΗΛ
|b ΜΑΡΙΑ
|z 2008/08/28
|